000 00340nam a22001097a 4500
008 230629b xxu||||| |||| 00| 0 eng d
082 _a338.9
_bKEN 2005
245 _aAchieving Millenium Decvelopment Goals in Kenya
_bA Needs Assessment and Costing Report
260 _aKenya
_bGovernment of Kenya
_c2005
300 _aXVII,238p
942 _2ddc
_cBK
999 _c2992
_d2992